书目信息 |
| 题名: |
间谍技术
|
|
| 作者: | 佩恩 著 ;尚泉 译 | |
| 分册: | ||
| 出版信息: | 北京 群众出版社 1981 |
|
| 页数: | 194页 | |
| 开本: | 19cm | |
| 丛书名: | ||
| 单 册: | ||
| 中图分类: | D526 | |
| 科图分类: | ||
| 主题词: | 情报机构--世界 , 情报机构--活动--世界 | |
| 电子资源: | ||
| ISBN: | ||
| 000 | 00688nam0 2200253 45 | |
| 001 | 0181002718 | |
| 005 | 20050627153927.1 | |
| 010 | @dCNY0.52 | |
| 091 | @a3067.126 | |
| 100 | @a19950522d1981 emky0chiy0121 ea | |
| 101 | 1 | @achi@ceng |
| 102 | @aCN@b110000 | |
| 105 | @ay z 000yy | |
| 200 | 10 | @a间谍技术@Ajian die ji shu@f(英)劳化·佩恩著@F(Ying)Lao Hua·Pei En Zhu@g尚泉译 |
| 210 | @a北京@c群众出版社@d1981 | |
| 215 | @a194页@d19cm | |
| 606 | @a情报机构@x世界 | |
| 606 | 0 | @a情报机构@x活动@x世界 |
| 690 | @aD526@v3 | |
| 701 | 0 | @a佩恩@4著 |
| 702 | 0 | @a尚泉@Ashang quan@4译 |
| 801 | 0 | @aCN@b上海图书馆@c20040421 |
| 801 | 2 | @aCN@bNLC@c20040421 |
| 905 | @dD526@e19@f1@b97484 | |
| 间谍技术/(英)劳化·佩恩著/尚泉译.-北京:群众出版社,1981 |
| 194页;19cm |
| ISBN :CNY0.52 |
| ● |
| 相关链接 |
|
|
|
|
正题名:间谍技术
索取号:D526/19
 
预约/预借
| 序号 | 登录号 | 条形码 | 馆藏地/架位号 | 状态 | 备注 |
| 1 | 0097480 | 001771087 | 密集书库/ [索取号:D526/19] | 在馆 | |
| 2 | 0097481 | 001769116 | 密集书库/ [索取号:D526/19] | 在馆 | |
| 3 | 0097482 | 001771032 | 密集书库/ [索取号:D526/19] | 在馆 | |
| 4 | 0097483 | 000482203 | 密集书库/ [索取号:D526/19] | 在馆 | |
| 5 | 0097484 | 000482196 | 第一样本阅览室/ [索取号:D526/19] | 在馆 |